The answer ends with an M - Statistics

General Stats
  • This quiz has been taken 50 times
  • The average score is 10 of 15
Answer Stats
Hint Answer % Correct
US Rapper with hits like Without Me and 8 Mile Eminem
96%
Capital of Israel Jerusalem
94%
A period of one thousand years Millennium
94%
Neither large nor small Medium
92%
European country whose capital is Brussels Belgium
90%
Town where the 17th century witch trials took place in the US Salem
81%
Fruit preserve called Jelly in the US Jam
79%
Sliced pork product Ham
75%
Asian country that unified in 1975 Vietnam
65%
Star of 21 Jump Street and Magic Mike Channing Tatum
52%
Term for items from a shipwreck that float to the surface Flotsam
46%
Spanish actor born in 1969 who starred in the remake of Dune and Skyfall Javier Bardem
42%
First name of UK actress Margolyes Miriam
40%
Nickname of the UK city of Birmingham Brum
35%
Hardy plant also known as Cranesbill which produces red, white or pink flowers Geranium
13%
No matching quizzes found
Score Distribution
Percent of People with Each Score
Percentile by Number Answered
Your Score History
You have not taken this quiz